Víťazi Puškinovho pamätníka

Bibliographic Details
Format: Article
Language:Slovak
Subjects:

MARC

LEADER 00000nab a2200000 a 4500
001 vtls000279417
003 SK-MaSNL
005 20260303130521.0
008 111130c1987 xo 0 slo
015 |a SNBRB19rr/mm-uuuuu 
035 |a CL0289535 
040 |a SNKBUCL  |b slo  |c SNKBUCL  |e AACR2 
041 0 |a slo 
044 |a xo  |c SK 
080 |a 82:061.7:06.063:82.085  |2 1981 
080 |a 061.7  |2 1981 
080 |a 06.063  |2 1981 
080 |a 82.085  |2 1981 
245 0 0 |a Víťazi Puškinovho pamätníka 
650 0 7 |a recitácie  |2 snkbucl  |9 31371 
650 0 7 |a Puškinov pamätník 1987, Partizánske-Brodzany  |2 snkbucl  |9 1146039 
655 7 |a články z novín a časopisov  |2 snkbucl  |9 267496 
655 7 |a články z odboru literárna veda a krásna literatúra  |2 snkbucl  |9 770045 
773 0 |t Pravda  |g Roč. 68, č. 124 (30. 5. 1987), s. 2 
850 |a Slovenská národná knižnica v Martine  |a MTA001 
852 |a SNK  |b KIS3GCP 
958 |a RK 
958 |a LX 
992 |a RBX 
999 |c 1941004  |d 1942934